| 000 | 00581nam a2200205Ia 4500 | ||
|---|---|---|---|
| 003 | OSt | ||
| 005 | 20230518114625.0 | ||
| 008 | 210423s1994 xx 000 0 und d | ||
| 040 | _cAL | ||
| 041 | _aeng | ||
| 082 |
_a338.9 _223 _bSWAE |
||
| 100 |
_aSWAMINATHAN (M S),Ed _9108164 |
||
| 245 | _aEcotechnology and rural employment: dialogue | ||
| 260 |
_aNew Delhi _bMacmillan India Ltd _c1994 |
||
| 365 |
_b678 _cINR |
||
| 650 |
_aEconomics _9108165 |
||
| 650 |
_aEconomics of Development _9108166 |
||
| 906 | _adialogue ; Ecotechnology ; employment: ; rural | ||
| 942 |
_2ddc _cBK |
||
| 999 |
_c172398 _d172398 |
||